[Event "Chess24 Legends of Chess"]
[Site "Online"]
[Date "2020.07.18"]
[Round "4.4"]
[White "Leko, Peter"]
[Black "Kramnik, Vladimir"]
[Result "0-1"]
[WhiteElo "2710"]
[BlackElo "2756"]
[Annotator "TA"]
[PlyCount "82"]
[EventDate "2020.07.21"]
[EventType "tourn"]
[SourceTitle "playchess.com"]
[Source "ChessBase"]
[SourceQuality "1"]

{[%evp 25,82,25,27,31,35,32,30,33,29,22,36,24,27,28,30,14,17,12,19,8,7,7,7,7,10,0,12,-13,-16,-195,-192,-179,-193,-191,-187,-495,-488,-495,-495,-600,-591,-628,-611,-602,-598,-595,-589,-593,-599,-962,-956,-2067,-1979,-2482,-2282,-29981,-29982,-29977,-6499]} 1. d4 Nf6 2. c4 e6 3. Nf3 d5 4. Nc3 Nbd7 5. cxd5 exd5 6. Bg5 c6 7. Qc2 h6 8. Bh4 Be7 9. e3 O-O 10. Bd3 Re8 11. O-O Ne4 12. Bxe4 Bxh4 13. Bh7+ Kh8 14. Nxh4 {D36: Queen's Gambit Declined: Exchange Variation: Main line (5 Bg5 c6 6 Qc2).} Qxh4 15. Bd3 Qe7 16. Rab1 {White has an edge.} a5 {[#]} 17. Na4 $146 ({Predecessor:} 17. a3 Nb6 18. Ne2 Be6 19. Nf4 Nc8 20. Rbe1 Nd6 21. f3 Qf6 22. g4 Nc4 23. Qf2 {½-½ (38) Telepnev,I (2499)-Kishkin,S (2457) ICCF email 2017}) 17... Kg8 18. Rfc1 Qd6 19. a3 g6 20. h3 Kg7 21. Qc3 h5 22. Ra1 Qf6 23. b4 axb4 24. axb4 Qg5 25. Kf1 Nf6 26. Qc2 Qh4 {Strongly threatening ...Bxh3!} 27. Nb6 $2 {This move loses the game for White.} (27. Qe2 $11 {and White stays safe.}) 27... Rxa1 $19 28. Rxa1 {[#]} Bxh3 $1 {[%mdl 512]} 29. gxh3 Qxh3+ 30. Ke1 $2 (30. Ke2 {was the crucial defense.}) 30... Qh1+ 31. Bf1 h4 32. Ke2 Ng4 33. Re1 h3 34. Qc1 Qh2 35. Kd3 Nxf2+ 36. Kc3 Qc7 37. Na4 h2 38. Bg2 Qg3 39. Bh1 Nxh1 {[%mdl 64] Overworked Piece} 40. Rxh1 Rxe3+ 41. Kc2 Re2+ {Accuracy: White = 53%, Black = 96%.} (41... Qg2+ $142 42. Kb1 Rb3+ {[%mdl 64] Double Attack} 43. Ka1 Ra3+ {[%mdl 64] Deflection, Promotion} 44. Qxa3 Qxh1+ 45. Ka2 Qf1 46. Nb2 h1=Q 47. Qd3 Qa1+ 48. Kb3 Qhe1 49. Qc2 Qe3+ 50. Qc3 Qe2 51. b5 Qxb5+ 52. Kc2 Qe2+ 53. Qd2 {[#]} Qxb2+ $1 {[%mdl 576] Deflection} 54. Kxb2 Qxd2+ 55. Kb3 Kh6 56. Ka3 Qc2 57. Kb4 f5 58. Ka5 Qb1 59. Ka4 Qb2 60. Ka5 Qb5#) 0-1

[Event "Chess24 Legends of Chess"]
[Site "Online"]
[Date "2020.07.18"]
[Round "4.4"]
[White "Ivanchuk, Vasyl"]
[Black "Nepomniachtchi, Ian"]
[Result "0-1"]
[WhiteElo "2686"]
[BlackElo "2778"]
[Annotator "TA"]
[PlyCount "82"]
[EventDate "2020.07.21"]
[EventType "tourn"]
[SourceTitle "playchess.com"]
[Source "ChessBase"]
[SourceQuality "1"]

{[%evp 10,81,31,0,6,-13,-12,-18,0,0,0,-7,0,0,0,0,0,0,-4,-103,-113,-257,-85,-100,-87,-92,-82,-81,-86,-74,-38,-73,-64,-221,-237,-211,-229,-272,-74,-73,-76,-81,-61,-61,-62,-293,-293,-270,-264,-262,-206,-217,-209,-215,-204,-205,-214,-214,-206,-203,-202,-195,-191,-222,-214,-226,-215,-188,-191,-250,-254,-29997,-29998,-29999]} 1. d4 Nf6 2. c4 g6 3. Nc3 d5 4. Bf4 Bg7 5. e3 O-O 6. Qb3 {[%cal Rc4d5]} c5 {6...dxc4 gains popularity. D83: Grünfeld: 4 Bf4 Bg7 5 e3 0-0.} 7. cxd5 cxd4 8. exd4 a5 $5 {[%mdl 4] The position is equal. An interesting side line.} 9. Nf3 a4 {[#]} 10. Qc4 $146 ({Predecessor:} 10. Nxa4 Nxd5 11. Bd2 Nc6 12. Bc4 Na5 13. Bxa5 Qxa5+ 14. Nc3 Nxc3 15. bxc3 b5 16. Bd5 {1-0 (42) Mikhalchishin,A (2480)-Bagirov,V (2545) Frunze 1979}) 10... Na6 11. Be2 Bd7 12. a3 b5 $36 {[%mdl 2048] Black has the initiative.} 13. Nxb5 Rc8 14. Qd3 (14. Qxa4 $11 {was the only way to keep the balance.} Nxd5 15. Be5) 14... Nxd5 $17 15. Bg3 (15. Bg5 $17) 15... Bf5 $2 (15... Ndb4 $19 16. axb4 Nxb4) 16. Qd1 Qa5+ 17. Qd2 Qxd2+ 18. Nxd2 Rc2 19. Nc3 Nac7 20. Nxa4 Ne6 (20... Bxd4 $6 21. Bd1 $11) 21. Nc3 $2 (21. Bd1 $1 $15 Nxd4 22. Nf3) 21... Ndf4 $1 $19 {[%cal Rf4g2]} ({Much less strong is} 21... Nxc3 22. bxc3 Rxc3 23. Nf3 $17) 22. Bxf4 Nxf4 23. g3 {[#]} Nd3+ $2 (23... Ng2+ $1 $19 {is more deadly.} 24. Kf1 Bh3) 24. Bxd3 $17 Bxd3 25. Nd5 Rxb2 ({Inferior is} 25... Bxd4 26. Nb4 $16) 26. Nb4 $1 {[%cal Rb4d3]} Bb5 27. Rb1 $2 {Black keeps a firm grip on the game.} (27. O-O-O $1 $15 Bxd4 {[#]} 28. Nc4 $1 {[%mdl 512]}) 27... Rc8 $19 ({Resist} 27... Bxd4 28. Rxb2 Bxb2 29. Nb1 $19) 28. Kd1 Bxd4 29. Re1 e6 30. Rxb2 Bxb2 {[%csl Gb2][%cal Rc8c1]} 31. Nb1 Bd4 32. f4 Kg7 33. Kd2 Rd8 {aiming for ...Bf2+.} 34. Kc1 Ba4 35. Re2 h5 36. Nd2 Rc8+ 37. Kb1 Rc3 38. Re4 Bf6 39. Nc4 (39. Rc4 {was necessary.}) 39... Rf3 {( -> ...Rf1+)} 40. Re2 $2 (40. Ne5 $19 Rxa3 41. Kb2 Rb3+ 42. Kc1) 40... Rf1+ 41. Ka2 Ra1# {Accuracy: White = 60%, Black = 82%.} 0-1

[Event "Chess24 Legends of Chess"]
[Site "Online"]
[Date "2020.07.18"]
[Round "5.1"]
[White "Carlsen, Magnus"]
[Black "Ivanchuk, Vasyl"]
[Result "0-1"]
[WhiteElo "2881"]
[BlackElo "2686"]
[Annotator "TA"]
[PlyCount "148"]
[EventDate "2020.07.21"]
[EventType "tourn"]
[SourceTitle "playchess.com"]
[Source "ChessBase"]
[SourceQuality "1"]

{[%evp 10,148,12,12,39,28,34,3,37,33,31,13,31,16,37,-6,0,-15,-12,-20,-16,-64,-62,-102,-91,-90,-87,-92,-94,-145,-119,-136,-108,-109,-76,-66,-64,-64,-38,-70,-66,-104,-47,-87,-95,-97,-104,-96,-36,-105,-70,-189,-186,-193,-193,-202,-193,-193,-193,-192,-190,-189,-190,-210,-210,-210,0,-210,-179,-210,-193,-210,-162,-210,-179,-210,-205,-205,-205,-227,-227,-225,-210,-203,-196,-196,-196,-192,-196,-203,-196,-196,-196,-196,-196,-196,-196,-206,-196,-196,-196,-196,-196,-223,-223,-223,-226,-223,-223,-278,-225,-288,-288,-307,-288,-283,-280,-288,-285,-344,-226,-229,-15,-16,0,0,543,0,0,0,1085,1008,6070,5393,5210,5093,5318,0,0,-29996,-29997]} 1. d4 Nf6 2. c4 e6 3. Nf3 Bb4+ 4. Nbd2 O-O 5. a3 Be7 6. e4 d6 {The modern move. E11: Bogo-Indian.} (6... d5 $5 {[%cal Rd5e4]}) 7. Be2 Nfd7 8. Nb1 {[%cal Bd2b1,Bb1c3,Bc3e4,Be4g5][%mdl 32]} d5 $5 {[%mdl 4] The position is equal. A promising side line.} 9. Nc3 dxe4 10. Nxe4 {[#]} Nf6 $146 ({Predecessor:} 10... b6 11. Qc2 Bb7 12. O-O Nf6 13. Nc3 c5 14. Rd1 Qc8 15. Bf4 cxd4 16. Nxd4 a6 {0-1 (46) Mirzoyan,D (2350)-Repka,C (2524) Batumi 2018}) 11. Qc2 Nbd7 12. Neg5 c5 13. Be3 Qa5+ 14. Kf1 Qc7 15. Rd1 b6 16. Ne5 Nxe5 17. dxe5 Qxe5 18. Bf3 Rb8 19. h4 (19. g3 $142 Qc7 20. Qe2) 19... Qc7 20. Rh3 Bb7 21. Re1 Rbd8 22. Bxb7 Qxb7 23. Bd2 h6 24. Bc3 $1 {[%cal Rc3f6] Strongly threatening Bxf6.} Rfe8 25. Kg1 Rd7 (25... Qc7 $17 26. Ne4 Qd7) 26. Nf3 Bd6 $36 {[%mdl 2048] Black is on the roll.} 27. Ne5 Bxe5 $1 28. Bxe5 Red8 ({Black should play} 28... Ng4 $1 $17 29. Bc3 Qb8) 29. Bc3 (29. Bxf6 $1 $15 gxf6 30. Rg3+ Kf8 31. Qh7) 29... Qc7 30. Qc1 {[#]} (30. Qe2 $1 $15) 30... Ne4 $1 $19 {[%mdl 512]} 31. Rf3 (31. Rxe4 Rd1+) 31... Nxc3 32. Qxc3 Rd4 33. g3 R8d7 34. b3 Qc6 35. Rfe3 a5 36. a4 Qd6 37. Qc2 Qc6 $2 (37... g6 $19 38. Re4 Rd2) 38. Qe2 $2 (38. Qc3 $1 $11 {and White stays safe.}) 38... R7d6 39. Qh5 Qd7 40. Qf3 Qd8 41. Kh2 Rd2 42. R1e2 Rxe2 43. Qxe2 {[%mdl 4096] Endgame KQR-KQR} Rd2 44. Qe1 h5 45. Rf3 g6 46. Qe4 Rd4 47. Qb7 Rd7 48. Qc6 Kg7 49. Kg2 Rd6 50. Qb7 Qd7 51. Qe4 f6 52. Re3 e5 53. Kh2 Rd2 54. Re2 {intending Rxd2.} Rd4 55. Qa8 Rd3 56. Rb2 f5 57. Qb8 Qd6 58. Qb7+ Kh6 59. Qc8 {[%cal Rc8h8]} Qf6 60. Qc7 f4 61. Re2 fxg3+ 62. fxg3 e4 ({Don't take} 62... Rxb3 63. Qb8 $19) 63. Qb8 Rxb3 64. Qe8 e3 65. Kg2 Rc3 $2 (65... Qd4 $1 $19 {And now ...Ra3 would win.} 66. Qf8+ Kh7 67. Qf7+ Qg7) 66. Rxe3 $11 Rxc4 67. Rf3 $1 {[%cal Rf3f6]} Qg7 $2 {[%mdl 8192]} (67... Qd4 $11 68. Qf8+ Qg7) 68. Qe3+ $2 ({White should try} 68. Rf8 $18 {White wants to mate with Rh8+.} Qb7+ 69. Kg1 Rc1+ 70. Kf2 Rc2+ 71. Ke3 Rc3+ 72. Kd2 Qg2+ 73. Kxc3 Qxg3+ 74. Kc4 Qxh4+ 75. Kb5) 68... Kh7 {aiming for ...Qd7.} 69. Qe6 $1 {[%cal Re6c4]} Rc2+ $2 {[%mdl 8192]} (69... Qd4 $11 70. Rf4 Qb2+ 71. Rf2 Qd4) 70. Kh3 $18 Kh6 71. Qe3+ $1 Kh7 {[#]} 72. Qe8 $1 Kh6 73. Qe3+ $2 (73. Rf8 $18 {Threatening mate with Rh8+.} Kh7 74. Rf7) 73... Kh7 $11 {( -> ...Qd7+)} 74. Qb3 $2 {[%mdl 8192]} (74. Qe6 $11 Qd4 75. Rf4 Qxf4 76. gxf4 Rc3+ 77. Kg2 Rc2+ 78. Kf3 Rc3+ 79. Ke2 Rc2+ {[#]} 80. Kd3 $1 {[%mdl 512]}) 74... Qd7+ {Accuracy: White = 68%, Black = 66%.} 0-1

[Event "Chess24 Legends of Chess"]
[Site "Online"]
[Date "2020.07.18"]
[Round "5.1"]
[White "Nepomniachtchi, Ian"]
[Black "Svidler, Peter"]
[Result "1/2-1/2"]
[WhiteElo "2778"]
[BlackElo "2742"]
[Annotator "TA"]
[PlyCount "132"]
[EventDate "2020.07.21"]
[EventType "tourn"]
[SourceTitle "playchess.com"]
[Source "ChessBase"]
[SourceQuality "1"]

{[%evp 25,132,4,4,5,5,9,12,9,14,3,10,10,6,0,20,15,33,21,30,6,26,4,22,16,27,16,17,0,0,0,0,0,0,-9,-4,-9,-10,-14,0,0,0,0,0,-20,0,-24,0,0,0,-4,0,-5,0,-5,0,-33,-12,-4,-3,-24,0,-2,0,0,0,0,0,0,0,0,0,0,8,8,12,8,8,5,6,5,6,6,5,0,12,14,14,7,16,0,0,0,0,0,0,0,0,0,0,0,0,0,0,-4,-4,-4,-4,-4,-4]} 1. e4 e5 2. Nf3 Nc6 3. Bb5 a6 4. Ba4 Nf6 5. O-O Be7 6. d3 d6 7. c3 O-O 8. h3 Re8 9. Re1 h6 10. Nbd2 Bf8 11. d4 b5 12. Bc2 Bb7 $1 {12...Bb7 is better than 12...Bd7.} 13. d5 Nb8 14. c4 {C93: Closed Ruy Lopez: Smyslov Variation.} c6 15. b3 Qc7 16. Nf1 Nbd7 17. Be3 Rec8 18. Bd3 bxc4 19. bxc4 {[#]} cxd5 $146 ({Predecessor:} 19... a5 20. Rc1 Ba6 21. Ng3 Rab8 22. Qd2 a4 23. Red1 a3 24. Ne1 h5 25. Nf1 g6 {½-½ (51) Cumming,D (2280)-Prorocic,B (1889) ICCF email 2016}) 20. cxd5 Nc5 21. Bxc5 Qxc5 22. N1d2 Nd7 23. Rb1 Qc7 24. Nc4 Rcb8 25. Bf1 Bc8 26. Rc1 {Strongly threatening Ncxe5.} Nc5 27. Nfd2 Bd7 28. h4 a5 29. Re3 a4 30. Be2 Qd8 31. g3 Rb7 32. Bg4 Bb5 33. Kg2 Rab8 34. Qf3 Be7 35. Rec3 Ba6 36. R1c2 Rb4 37. Bh3 R4b7 38. Kh2 Rb4 39. Kg2 R4b7 40. Nf1 Bxc4 41. Rxc4 Rb2 42. Ne3 Rxc2 43. Rxc2 {The position is equal.} Rb4 44. Nc4 Bf8 45. h5 Qb8 46. Bf5 Rb1 47. Nd2 Rb2 48. Qc3 Rxc2 49. Qxc2 Be7 50. Nc4 Qb4 51. Bg4 g6 52. Be2 Kg7 53. Kf1 Qb8 54. Na5 a3 55. Nc4 Qb4 56. hxg6 fxg6 57. Qc1 (57. Kg1 {looks sharper.} Kf7 58. Kg2 h5 59. Bf1 Na4 60. Qd3) 57... Nxe4 58. Qxa3 Qxa3 (58... Qb7 {seems wilder.} 59. Qd3 Nc5 60. Qd1 Qa8 61. a3 h5) 59. Nxa3 $11 {[%mdl 4096] Endgame KBN-KBN} Nc3 60. Bc4 Bd8 61. Bb3 Bb6 62. Nc4 Bc5 63. Kg2 Nxd5 {[#]} 64. Nxd6 $1 {[%mdl 512] Black must now prevent Nb7.} Nf4+ (64... Bxd6 65. Bxd5) 65. gxf4 Bxd6 66. fxe5 Bxe5 {Not much happened in this game. Accuracy: White = 98%, Black = 100%.} 1/2-1/2

[Event "Chess24 Legends of Chess"]
[Site "Online"]
[Date "2020.07.18"]
[Round "5.1"]
[White "Kramnik, Vladimir"]
[Black "Ding, Liren"]
[Result "0-1"]
[WhiteElo "2756"]
[BlackElo "2836"]
[Annotator "TA"]
[PlyCount "104"]
[EventDate "2020.07.21"]
[EventType "tourn"]
[SourceTitle "playchess.com"]
[Source "ChessBase"]
[SourceQuality "1"]

{[%evp 18,104,14,6,27,9,18,15,13,0,0,0,0,4,0,0,0,0,0,0,11,0,0,0,0,0,0,0,0,0,0,0,0,0,0,0,0,0,0,0,0,0,0,0,0,0,0,0,0,0,12,0,0,0,0,0,0,0,0,0,0,0,0,0,0,0,0,0,0,0,0,0,0,0,0,0,0,0,0,0,0,-144,-108,-296,-26,-28,0,-29970,-686]} 1. e4 c5 2. Nf3 d6 3. d4 cxd4 4. Nxd4 Nf6 5. Nc3 a6 6. Be2 e5 7. Nb3 Be7 8. Be3 Be6 9. Qd3 O-O 10. O-O Nbd7 {B92: Sicilian Najdorf: 6 Be2.} 11. a4 Rc8 12. a5 Qc7 {The position is equal.} 13. Rfd1 Rfd8 14. Bf3 Nc5 15. Nxc5 dxc5 16. Nd5 Nxd5 17. exd5 f5 $1 18. Qb3 Bf7 {[#]} 19. d6 $146 ({Predecessor:} 19. c4 e4 20. Be2 f4 21. Bd2 Rf8 22. Qh3 Rce8 23. Bc3 Bd6 24. Bg4 Be5 25. Bd7 {½-½ (53) Cruzado Duenas,C (2563)-Murray,T (2555) ICCF email 2017}) 19... Bxb3 20. dxc7 Rxd1+ 21. Rxd1 {[#] Hoping for Rd7.} Be6 22. Bxb7 Rxc7 23. Bf3 Kf7 24. g3 g5 25. Bh5+ Kf6 26. f4 gxf4 27. gxf4 e4 28. Kf2 Kg7 29. Be2 c4 30. Bb6 Rc8 31. Ke3 Kf7 32. Bh5+ Kf8 33. Bd4 Rc7 34. c3 Rd7 35. Be2 Kf7 36. h4 Rb7 37. Rg1 {Black must now prevent Rg7+.} Bf6 38. Bb6 Rb8 39. h5 Bd5 40. h6 Ke6 41. Bh5 Kd6 42. Rd1 {aiming for Bf7.} Kc6 43. Rg1 Be6 44. Bd4 Bxd4+ 45. Kxd4 Rxb2 $11 {[%mdl 4096] Endgame Threatens to win with ...Kd6. KRB-KRB} 46. Ke5 Bd7 47. Rh1 Rg2 48. Bf7 Kc5 49. Bd5 (49. Rd1 $11 Bc6 50. Be6) 49... Rg3 $17 50. Bf7 $2 (50. Rc1 $17 {keeps fighting.}) 50... e3 $2 ({Better is} 50... Rxc3 $19 {Strongly threatening ...e3.} 51. Bg8 e3) 51. Re1 $11 Rh3 (51... Ba4 $5 {[%cal Ra4c2]} 52. Kxf5 Bc2+ 53. Kf6 Be4 $11) 52. Rxe3 $2 {[%mdl 8192] [#]} (52. Be6 $11 Bxe6 53. Kxe6) 52... Rxe3+ {Accuracy: White = 88%, Black = 90%.} 0-1

[Event "Chess24 Legends of Chess"]
[Site "Online"]
[Date "2020.07.18"]
[Round "5.1"]
[White "Anand, Viswanathan"]
[Black "Leko, Peter"]
[Result "1-0"]
[WhiteElo "2751"]
[BlackElo "2710"]
[Annotator "TA"]
[PlyCount "113"]
[EventDate "2020.07.21"]
[EventType "tourn"]
[SourceTitle "playchess.com"]
[Source "ChessBase"]
[SourceQuality "1"]

{[%evp 11,113,10,18,18,20,23,22,20,15,15,20,20,12,24,21,12,20,21,23,23,18,17,17,10,11,13,10,21,25,14,8,4,20,-23,-44,-32,-25,-52,-18,-79,0,0,0,0,0,0,0,0,0,0,43,0,-10,0,14,0,0,0,7,22,20,0,68,76,145,163,159,27,20,23,111,0,0,0,0,0,0,0,195,189,239,17,14,0,0,0,0,0,0,0,0,0,0,0,0,-235,-59,-29971,-29973,-29991,29996,29997,29997,29998]} 1. e4 e5 2. Nf3 Nc6 3. Bc4 Bc5 4. O-O Nf6 5. d3 d6 6. c3 a6 7. a4 {C54: Giuoco Piano: 4 c3 Nf6, main lines with 5 d4 and 5 d3.} Ba7 8. Re1 O-O 9. h3 {The position is equal.} h6 10. Nbd2 {[%cal Bb1d2,Bd2f1,Bf1e3,Be3d5][%mdl 32]} Re8 11. b4 $1 {11.b4 is better than 11.Nf1.} Be6 12. Bxe6 Rxe6 13. Qc2 Qd7 14. Nf1 d5 15. Be3 Bxe3 16. Nxe3 Rd8 17. b5 Ne7 18. c4 d4 19. Nd5 Ng6 {[%cal Rf6d5]} 20. Rab1 axb5 {[#]} 21. axb5 $5 $146 {[%mdl 8] New and interesting.} ({Predecessor:} 21. Rxb5 c6 22. Nb6 Qe7 23. Rbb1 Nh5 24. g3 Rf6 25. Qd1 Ngf4 26. gxf4 Nxf4 27. Kh2 {½-½ (45) So,W (2763)-Harikrishna,P (2734) Riga 2019}) 21... Nxd5 22. cxd5 Rf6 23. Qd1 $1 Ra8 24. Kh2 Ra5 25. b6 (25. g3 $11) 25... cxb6 (25... c6 $1 $17 26. Qd2 Ra8 27. dxc6 Rxc6) 26. g3 $11 Ra3 27. Qe2 Rc3 28. Rb2 b5 29. Reb1 Rc5 30. Kg2 Ra6 31. h4 (31. Rc2 $14 Qc8 32. Rxc5 Qxc5 33. Qb2) 31... Qg4 32. Kh2 Rf6 33. Ne1 Qd7 34. h5 Nf8 35. Nf3 Qe8 36. Kg2 Ra6 (36... Rb6 $11) 37. Nh4 $1 $14 g6 ({Black should try} 37... Rb6) 38. hxg6 $16 fxg6 39. f4 (39. Qd2 $1 $16) 39... exf4 $11 40. gxf4 g5 (40... Rc3 $11 {remains equal.}) 41. fxg5 (41. Qg4 $16) 41... Ng6 42. Qg4 Nxh4+ $1 43. Qxh4 {Black must now prevent Kh1.} Rg6 44. Kh1 Rc3 $2 (44... Qc8 $11 {and Black is okay.} 45. Rg2 Rc1+ 46. Rxc1 Qxc1+ {[%mdl 64] Double Attack} 47. Rg1 Qe3) 45. gxh6 $18 Rxd3 {[#]} 46. h7+ $2 (46. Rg2 $1 $18 {[%cal Rg2g6]} Rxg2 47. Kxg2) 46... Kh8 $11 {Threatens to win with ...Rdg3.} 47. Rf2 {White wants to mate with Rbf1.} Qc8 48. Rf5 Rc3 {Strongly threatening ...Rc1+.} 49. Rbf1 $40 {[%mdl 128] Threatening mate with Rf8+. White is up to no good.} Rc1 {aiming for ...Rxf1+.} 50. Qf4 Rxf1+ 51. Qxf1 {Hoping for Rf8+.} Kxh7 {[%mdl 4096] Endgame KQR-KQR} 52. Rh5+ Kg8 {( -> ...Qg4!)} 53. Rf5 $2 {[#]} (53. Qf4 $1 $11) 53... d3 $2 (53... b4 $1 $19 {And now ...d3 would win.} 54. d6 Qe6) 54. d6 $2 {[%mdl 8192]} (54. Qf4 $15) 54... d2 55. Kh2 Qc2 $4 {[%mdl 8192]} (55... Qd8 {and life is good for Black.} 56. Rf6 Qxf6 57. Qxf6 Rxf6 58. e5 Rg6 59. d7 d1=Q 60. d8=Q+ Qxd8 61. Kh3 Qd7+ 62. Kh4 Qh7#) 56. Rf8+ Kg7 57. Qf7+ {[%mdl 64] Double Attack. Both players deserved the win here. Accuracy: White = 72%, Black = 68%.} 1-0

[Event "Chess24 Legends of Chess"]
[Site "Online"]
[Date "2020.07.18"]
[Round "5.1"]
[White "Giri, Anish"]
[Black "Gelfand, Boris"]
[Result "1/2-1/2"]
[WhiteElo "2731"]
[BlackElo "2702"]
[Annotator "TA"]
[PlyCount "60"]
[EventDate "2020.07.21"]
[EventType "tourn"]
[SourceTitle "playchess.com"]
[Source "ChessBase"]
[SourceQuality "1"]

{[%evp 22,60,13,12,13,18,55,54,32,27,36,19,37,35,66,14,25,0,0,0,0,-4,0,0,0,0,0,-19,-7,-11,0,-70,0,0,0,0,4,0,0,0,18]} 1. e4 c5 2. c3 Nf6 3. e5 Nd5 4. Bc4 Nb6 5. Bb3 c4 6. Bc2 d6 7. exd6 Qxd6 8. Na3 g6 9. b3 cxb3 10. axb3 Bg7 11. Nf3 Nc6 12. O-O O-O {[#] B22: Sicilian: 2 c3.} 13. Nc4 $146 ({Predecessor:} 13. d4 Bg4 14. Be4 Rad8 15. h3 Be6 16. Re1 Bd5 17. Bg5 Bxe4 18. Rxe4 Rd7 19. Qe2 Nd5 20. Nb5 {½-½ (34) Sveshnikov,E (2570)-Rytshagov,M (2525) Aaland-Stockholm 1997}) 13... Qc7 14. Nxb6 Qxb6 {White is slightly better.} 15. d4 Qc7 16. Re1 b5 17. Bg5 e6 18. Be4 (18. Qd2 $14) 18... Bb7 $11 19. Qd3 f5 20. Bxc6 $1 Qxc6 21. h4 a5 22. c4 bxc4 23. bxc4 a4 24. c5 Qd5 25. Ra3 Bc6 26. Qe3 (26. Bf4 $11) 26... Rfe8 (26... Rfb8 $1 $15) 27. Bh6 {The position is equal.} Bf6 28. Bg5 Bg7 {aiming for ...e5!} 29. Bh6 Bf6 30. Bg5 Bg7 {Accuracy: White = 83%, Black = 84%.} 1/2-1/2

[Event "Chess24 Legends of Chess"]
[Site "Online"]
[Date "2020.07.18"]
[Round "5.2"]
[White "Ding, Liren"]
[Black "Kramnik, Vladimir"]
[Result "0-1"]
[WhiteElo "2836"]
[BlackElo "2756"]
[Annotator "TA"]
[PlyCount "68"]
[EventDate "2020.07.21"]
[EventType "tourn"]
[SourceTitle "playchess.com"]
[Source "ChessBase"]
[SourceQuality "1"]

{[%evp 9,68,17,33,30,28,29,36,26,32,0,0,0,0,0,0,0,0,0,0,-42,-37,-45,-47,-78,-60,-89,-89,-78,-96,-98,-91,-148,-75,-116,-116,-172,-131,-120,-124,-123,-121,-122,-127,-118,-95,-108,-110,-139,-106,-132,-138,-131,-112,-118,-109,-133,-100,-100,-100,-112,-94]} 1. d4 Nf6 2. c4 e6 3. Nf3 d5 4. Nc3 Nbd7 5. Qc2 dxc4 6. e4 {D37: Queen's Gambit Declined: 5 Bf4.} Nb6 7. Be3 Bb4 8. Be2 {White is slightly better.} Bd7 {[#]} 9. O-O $146 ({Predecessor:} 9. Ne5 Qe7 10. a4 a5 11. O-O O-O 12. Nxc4 Nxc4 13. Bxc4 e5 14. dxe5 Qxe5 15. f3 {1-0 (31) Wojtaszek,R (2729)-Heberla,B (2541) Poland 2016}) 9... Bxc3 10. bxc3 Ba4 11. Qb1 Bc6 $36 {[%mdl 2048] Black has the initiative.} 12. Nd2 $1 Na4 $1 {[%cal Ra4c3]} 13. Qc2 b5 $1 14. Rad1 Qe7 15. Rfe1 O-O 16. f3 h6 17. Qc1 a5 18. Nf1 Rfd8 19. Ng3 Be8 20. d5 (20. Bf4 $142) 20... Nd7 ({Black should play} 20... exd5 21. Nf5 Qe6) 21. Bf1 Ndc5 22. e5 (22. Rd2 $17) 22... Rxd5 23. Nf5 exf5 24. Rxd5 Ne6 25. Bf2 Bc6 26. Rd2 f4 27. Rdd1 Qg5 28. Kh1 Qf5 29. h3 Re8 30. Rd2 Qg5 31. Qc2 Qe7 32. Qc1 Rd8 33. Rxd8+ Qxd8 34. Kh2 Qe7 {Accuracy: White = 64%, Black = 83%.} 0-1

[Event "Chess24 Legends of Chess"]
[Site "Online"]
[Date "2020.07.18"]
[Round "5.2"]
[White "Svidler, Peter"]
[Black "Nepomniachtchi, Ian"]
[Result "1/2-1/2"]
[WhiteElo "2742"]
[BlackElo "2778"]
[Annotator "TA"]
[PlyCount "75"]
[EventDate "2020.07.21"]
[EventType "tourn"]
[SourceTitle "playchess.com"]
[Source "ChessBase"]
[SourceQuality "1"]

{[%evp 12,75,2,0,0,11,29,0,0,0,0,0,4,0,6,4,26,22,18,10,10,10,10,6,13,0,14,0,0,0,4,3,3,0,0,4,25,25,26,0,0,0,0,0,0,0,0,0,0,0,0,0,0,0,0,0,0,0,0,0,0,0,0,0,0,0]} 1. Nf3 Nf6 2. c4 c5 3. Nc3 Nc6 4. d4 cxd4 5. Nxd4 e6 6. a3 Be7 {6...Bc5 is the fancy move. Played by Anish Giri in July 2020.} 7. e4 O-O {A33: Symmetrical English: 2 Nf3 Nf6 3 d4 cxd4 4 Nxd4 e6 5 Nc3 Nc6.} 8. Nf3 Qa5 {Threatening ...Nxe4.} (8... Qc7 9. Be2 b6 10. O-O Bb7 11. b3 Ne5 12. Bb2 Ng6 13. Bd3 Rad8 14. Rc1 Qb8 15. Re1 Bd6 16. Nb5 Bf4 17. Rc2 a6 18. Nbd4 Ne5 19. Nxe5 Bxe5 20. Nf3 Bxb2 21. Rxb2 d6 22. b4 Qa8 23. Qe2 Rc8 {½-½ (36) Svidler,P (2729)-Nepomniachtchi,I (2714) Sochi 2015}) 9. Bd2 Qh5 10. Be2 d5 11. exd5 exd5 12. cxd5 Nxd5 13. O-O Nxc3 14. Bxc3 Qg6 15. Bd3 Bf5 16. Bxf5 Qxf5 17. Qb3 {[#]} b6 $146 ({Predecessor:} 17... Bf6 18. Qxb7 Bxc3 19. bxc3 Qc5 20. Rad1 Rab8 21. Qc7 Rfc8 22. Qf4 Qxc3 23. Rd6 h6 {½-½ (38) Bu,X (2676)-Timofeev,A (2690) Ningbo 2010}) 18. Rad1 Rad8 19. Qa4 Rxd1 20. Rxd1 Rc8 21. h3 h6 22. Qg4 Qxg4 23. hxg4 Rd8 24. Rxd8+ Bxd8 25. Nd4 Nxd4 {The position is equal.} 26. Bxd4 $11 {[%mdl 4096] Endgame KB-KB} f6 27. f3 Kf7 28. Kf2 Ke6 29. Ke3 Kd5 30. Kd3 a6 31. a4 b5 32. axb5 axb5 33. b3 Be7 34. Be3 Bf8 35. Bd2 Be7 36. Be3 Bf8 37. Bd2 Be7 38. Be3 {A rather calm draw. Accuracy: White = 93%, Black = 100%.} 1/2-1/2